000
00256nam a22001097a 4500
008
150604t xxu||||| |||| 00| 0 eng d
020
_a
978-969-8535-17-9
100
_a
Khaleeq Ahmad Sidiqi
_9
990
245
_a
Jamal Ul Amsaal
300
4
_a
444
942
_2
ddc
_c
BK
999
_c
18088
_d
18088